Heart Of Midlothian Squad 2023 - Statistics

General Stats
  • This quiz has been taken 73 times
  • The average score is 21 of 32
Answer Stats
Position Answer % Correct
Goalkeeper Craig Gordon
100%
Goalkeeper Zander Clark
100%
Forwarrd Lawrence Shankland
96%
Midfielder Cammy Devlin
88%
Defender Stephen Kingsley
84%
Forward Alan Forrest
80%
Defender Frankie Kent
80%
Defender Nathaniel Atkinson
80%
Defender Craig Halkett
76%
Defender Kye Rowles
76%
Forward Liam Boyce
76%
Defender Alex Cochrane
72%
Forward Barrie McKay
72%
Forward Kenneth Vargas
72%
Forward Yutaro Oda
72%
Midfielder Aidan Denholm
64%
Midfielder Jorge Grant
64%
Forward Kyosuke Tagawa
64%
Defender Toby Sibbick
64%
Midfielder Connor Smith
60%
Midfielder Beni Baningime
56%
Goalkeeper Harry Stone
56%
Midfielder Macaulay Tait
56%
Midfielder Peter Haring
52%
Midfielder Andy Halliday
48%
Defender Lewis Neilson
48%
Goalkeeper Michael McGovern
44%
Midfielder Alex Lowry
36%
Midfielder Finlay Pollock
36%
Midfielder Calem Nieuwenhof
32%
Goalkeeper Liam McFarlane
28%
Defender Odel Offiah
20%
No matching quizzes found
Score Distribution
Percent of People with Each Score
Percentile by Number Answered
Your Score History
You have not taken this quiz